000 00490nam a2200193 i 4500
001 bg
100 1 _aBAŃKOWSKI, Jacek
245 0 _aProgramowanie w języku Fortran /
_cJ. Bańkowski, K. Fiałkowski.
250 _aWyd.2.
260 _aWarszawa,
_c1972.
490 1 _aBiblioteka Informatyki
700 1 _aFIAŁKOWSKI, Konrad
830 _aBiblioteka Informatyki
040 _cBPK
041 _apol
080 _a519.682
942 _cKS
008 s pl f |000 0 pol
999 _c2224
_d2224
856 _uhttp://koha.tu.koszalin.pl/cgi-bin/koha/opac-detail.pl?biblionumber=2224
_yKatalog online BPK